000 00398nam a22001457a 4500
999 _c7788
_d7786
005 20210326103404.0
008 210326b ||||| |||| 00| 0 eng d
082 _a346.066
100 _aAIYAR, A.N.
_96466
245 _aCOMPANY CASES :THE CORPORATE LAW WEEKLY [VOL-219]
260 _aCHENNAI
_bCOMPANY LAW INSTITUTE OF INDIA
_c2020
300 _a604,i--xxiv;p
650 _aLAW
_95701
942 _cJRL